Catalog

Record Details

Catalog Search



Smrt mluví mým jménem  Cover Image Book Book

Smrt mluví mým jménem / Joe Alex, [přeložila Anetta Balajková]

Record details

  • Physical Description: 117 s. ; 20 cm
  • Edition: 1. vyd.
  • Publisher: Praha : Lidové nakladatelství, 1970

Content descriptions

General Note:
Přeloženo z polštiny
60500 výt.

Available copies

  • 1 of 1 copy available at Common Catalog SPOK.

Holds

  • 0 current holds with 1 total copy.
Show Only Available Copies
Location Call Number / Copy Notes Barcode Shelving Location Status Due Date
Hospic Dobrého Pastýře DE
Tematické zaměření: Detektivky (TRI)

Tematická katagorie: Detektivky (DE)
2045957003566 Knihovna Available -

LDR 01176nam a22003731 4500
00124895
003CZ-PrJAB
00520220628115816.0
007ta
008970408s1970 xr 000 0 cze
015 . ‡acnb000224053
020 . ‡q(Brož.) : ‡cKčs 7,50
035 . ‡a(CZ PrSKC)bk197002238
035 . ‡a(OCoLC)85226300
040 . ‡aABA001 ‡bcze ‡cULG001 ‡dABA001
0411 . ‡acze ‡hpol
080 . ‡a884-312.4
1001 . ‡aAlex, Joe, ‡d1920-1998 ‡7jo2004220552 ‡4aut
24510. ‡aSmrt mluví mým jménem / ‡cJoe Alex, [přeložila Anetta Balajková]
250 . ‡a1. vyd.
260 . ‡aPraha : ‡bLidové nakladatelství, ‡c1970 ‡f(ST)
300 . ‡a117 s. ; ‡c20 cm
4901 . ‡aSaturn ; ‡vsv. 50
500 . ‡aPřeloženo z polštiny
500 . ‡a60500 výt.
7001 . ‡aBalajková, Anetta, ‡d1923- ‡7jk01010606 ‡4trl
7650 . ‡tŚmierć mówi w moim imieniu ‡9Česky
830 0. ‡aSaturn (Lidové nakladatelství)
990 . ‡aBNE702
901 . ‡a24895 ‡b ‡c24895 ‡tbiblio

Additional Resources